| 000 | 00905cam a22002771 4500 | ||
|---|---|---|---|
| 001 | sa 68006738 | ||
| 003 | DLC | ||
| 005 | 20260227112518.0 | ||
| 008 | 711108q19601968ii 000 0 eng | ||
| 010 | _asa 68006738 | ||
| 025 | _aPL480:I-E-8557 | ||
| 040 |
_aDLC _cDLC _dDLC |
||
| 043 | _aa-ii--- | ||
| 050 | 0 | 0 |
_aHJ4387.T5 _bA53 |
| 110 | 1 | _aTigiria, India (State) | |
| 245 | 1 | 0 | _aCompletion report of survey and settlement of the Tigiria Feudatory State, 1913. |
| 260 |
_a[Balugan, Puri, _bBhagabati Press, _c196-?] |
||
| 300 |
_a19, [13] p. _c25 cm. |
||
| 350 | _aRe0.33 | ||
| 500 | _aCover title. | ||
| 500 | _aAt head of title: Govt. of Orissa. | ||
| 500 | _a"Reprinted under the authority of Board of Revenue, Orissa, Cuttack." | ||
| 650 | 0 |
_aLand value taxation _zIndia _zTigiria (State) |
|
| 650 | 0 |
_aLand tenure _zIndia _zTigiria (State) |
|
| 710 | 1 |
_aOrissa (India). _bBoard of Revenue. |
|
| 999 |
_c81492 _d81492 |
||